书目信息 |
| 题名: |
庄家操作定式解密
|
|
| 作者: | 李梦龙 , 李晓明 著 | |
| 分册: | ||
| 出版信息: | 广州 广东经济出版社 1999.03 |
|
| 页数: | 332页 | |
| 开本: | 32开 | |
| 丛书名: | ||
| 单 册: | ||
| 中图分类: | F830.9 | |
| 科图分类: | ||
| 主题词: | 金融 , 银行 | |
| 电子资源: | ||
| ISBN: | 7-80632-381-3 | |
| 000 | 00617nam0 2200217 45 | |
| 001 | 0103211096 | |
| 005 | 20010321101849.7 | |
| 010 | @a7-80632-381-3@d19.80元 | |
| 100 | @a20010321d1999 km y0chiy0120 ea | |
| 101 | 0 | @achi |
| 105 | @a z 000yy | |
| 200 | 1 | @a庄家操作定式解密@AZhuang Jia Cao Zuo Ding Shi Jie Mi@f李梦龙,李晓明著@FLi Meng Long,Li Xiao Ming Zhu |
| 210 | @a广州@c广东经济出版社@d1999.03 | |
| 215 | @a332页@d32开 | |
| 606 | 0 | @a金融 |
| 606 | 0 | @a银行 |
| 690 | @aF830.9@v3 | |
| 701 | 0 | @a李梦龙@4著 |
| 701 | 0 | @a李晓明@4著 |
| 801 | @aCN@bPftUser@c20010321 | |
| 905 | @b331440-443@dF830.9@eL480@f4 | |
| 庄家操作定式解密/李梦龙,李晓明著.-广州:广东经济出版社,1999.03 |
| 332页;32开 |
| ISBN 7-80632-381-3:19.80元 |
| ● |
| 相关链接 |
|
|
|
正题名:庄家操作定式解密
索取号:F830.9/L480
 
预约/预借
| 序号 | 登录号 | 条形码 | 馆藏地/架位号 | 状态 | 备注 |
| 1 | 331440 | 203314403 | 社科库409/409社科库 52排4列1层/ [索取号:F830.9/L480] | 在馆 | |
| 2 | 331441 | 203314412 | 社科二线422/422社科库 8排2列1层/ [索取号:F830.9/L480] | 在馆 | |
| 3 | 331442 | 203314421 | 社科库409/409社科库 52排4列1层/ [索取号:F830.9/L480] | 在馆 | |
| 4 | 331443 | 203314430 | 社科库409/409社科库 52排4列1层/ [索取号:F830.9/L480] | 在馆 |